DATA QUALITY CONCEPTS METHODOLOGIES AND (Record no. 11263)

MARC details
000 -LEADER
fixed length control field 00348nam a2200133Ia 4500
008 - FIXED-LENGTH DATA ELEMENTS--GENERAL INFORMATION
fixed length control field 240624s9999 xx 000 0 und d
041 ## - LANGUAGE CODE
Language code of text/sound track or separate title eng
082 ## - DEWEY DECIMAL CLASSIFICATION NUMBER
Classification number 005.74 BAT
100 ## - MAIN ENTRY--PERSONAL NAME
Personal name BATINI CARLO
245 ## - TITLE STATEMENT
Title DATA QUALITY CONCEPTS METHODOLOGIES AND
260 ## - PUBLICATION, DISTRIBUTION, ETC.
Date of publication, distribution, etc. 2006
Place of publication, distribution, etc. New York
Name of publisher, distributor, etc. Elsevier
300 ## - PHYSICAL DESCRIPTION
Extent xix, : 262 : p. : cm. ; 23
365 ## - TRADE PRICE
Currency code ERU
Price amount 30
Holdings
Withdrawn status Lost status Damaged status Not for loan Home library Current library Shelving location Date acquired Source of acquisition Cost, normal purchase price Total Holds Full call number Barcode Date last seen Copy number Price effective from Koha item type
        IMTN IMTN Rack 3-A 10/17/2008 IBH 49.95 1698 005.74 BAT 11263 06/24/2024 69.1 06/24/2024 Books
Designed & Maintained by: LRC IMT Nagpur Contact: lrc@imtnag.ac.in© 2024. All Rights Reserved.